Регионална библиотека "Любен Каравелов" - Русе

Конституциите (Запис номер 195640)

MARC детайли
000 -Лидер
Контролно поле с фиксирана дължина 02463nam a2200397 c 4500
003 - Код на организацията, давaща контролен номер
Контролно поле BLK
005 - Дата и час на последна редакция
Контролно поле 20180422120049.0
008 - Елементи от данни с фиксирана дължина
fixed length control field 180411b bul|||||r ||||||| ||bul||
010 ## - Наследен системен номер
LC control number KNG00204894000
040 ## - Източник на каталожния запис
Идентификатор на билиотеката - собственик на записа BLK
041 ## - Код за език
Код за езика на текст/звукозапис или на отделно заглавие Български
Код за езика КДБФ Български
080 ## - УДК
Текстов определител УДК Конституции. Законодателни събрания. Народни събрания
УДК код - определител по УДК 342.4
УДК определител (73)
УДК - код + определител 342.4(73)
080 ## - УДК
Текстов определител УДК Конституции. Законодателни събрания. Народни събрания
УДК код - определител по УДК 342.4
УДК определител (45)
УДК - код + определител 342.4(45)
080 ## - УДК
Текстов определител УДК Конституции. Законодателни събрания. Народни събрания
УДК код - определител по УДК 342.4
УДК определител (430)
УДК - код + определител 342.4(430)
080 ## - УДК
Текстов определител УДК Конституции. Законодателни събрания. Народни събрания
УДК код - определител по УДК 342.4
УДК определител (44)
УДК - код + определител 342.4(44)
080 ## - УДК
Текстов определител УДК Конституции. Законодателни събрания. Народни събрания
УДК код - определител по УДК 342.4
УДК определител (495)
УДК - код + определител 342.4(495)
080 ## - УДК
Текстов определител УДК Конституции. Законодателни събрания. Народни събрания
УДК код - определител по УДК 342.4
УДК определител (460)
УДК - код + определител 342.4(460)
080 ## - УДК
Текстов определител УДК Конституции. Законодателни събрания. Народни събрания
УДК код - определител по УДК 342.4
УДК определител (81)
УДК - код + определител 342.4(81)
139 ## - Редно поле
Редна дума Конституциите
Авторски знак Консти - К 83
245 10 - Сведения за заглавието
Заглавие Конституциите
Подзаглавни данни САЩ, Републ. Италия, ФРГ, Републ. Франция, Републ. Гърция, Кралство Испания, Федер. републ. Бразилия : Сборник
Редно поле (дума) състав. Евгени Танчев; ред. Георги Петков Близнашки; прев. Никола Иванов.
257 ## - Страна на издаване
Страна на създаване/издаване България
260 ## - Област на издателските данни
-- София
Име на издателя, разпространителя и проч. Век 22
Година на издаване 1990
300 ## - Физическа характеристика
Страници 418 с.
Размери/Мащаб 22 см
380 ## - Жанр
Жанр Обществени науки
490 1# - СЕРИИ (Колекции)
Име на серия Серия Алианс
500 ## - Общи забележки
Забележка Други състав. : Г. Близнашки, П. Кирев ; Други прев. : Е. Бирчева, Е. Михайлова, Б. Ботев, Т. Липова. - Офс. изд. - 1 300 тир.
650 #4 - Допълнително описание по предмет – тема
Основно описание – тема или топоним Конституционно право - САЩ и Европа
9 (RLIN) 249773
700 1# - Други автори (авторска отговорност)
Лично име Танчев, Евгени
Автороска отговорност (Описва отношението между автора и произведението) състав.
9 (RLIN) 347089
700 1# - Други автори (авторска отговорност)
Лично име Близнашки, Георги Петков
Автороска отговорност (Описва отношението между автора и произведението) ред.
9 (RLIN) 373363
700 1# - Други автори (авторска отговорност)
Лично име Иванов, Никола
Автороска отговорност (Описва отношението между автора и произведението) прев.
9 (RLIN) 363578
852 ## - Местоположение
Форматна сигнатура Цб 165555
856 4# - Електронен адрес и достъп
Електронен формат pdf - файл
Път до файла /url/
856 4# - Електронен адрес и достъп
Електронен формат pdf - файл
Път до файла /url/
942 ## - АРТИКУЛИ
Вид на библиотечния материал Книги
Скрит в OPAC Не
944 ## - СЪЗДАВАНЕ И РЕДАКЦИЯ на ЗАПИСА
Създаване/Редакция Създаване
Дата на регистрацията/редакция 11.04.2017
Служител, извършил регистрацията/редакцията Кети_Илиева
944 ## - СЪЗДАВАНЕ И РЕДАКЦИЯ на ЗАПИСА
Създаване/Редакция Редакция
Дата на регистрацията/редакция 11.04.2017
Служител, извършил регистрацията/редакцията Кети_Илиева
999 ## - СИСТЕМНИ КОНТРОЛНИ НОМЕРА
Koha biblionumber 195640
Koha biblioitemnumber 195640
Наличности
Код за отписване Код за изгубен артикул Източник на класификационната схема Код за повреда Коз за рестрикции Код за отдаване Артикулен № Име на библиотеката - собственик Име на библиотеката, в която се намира в момента Статус (Текущо местоположение) Дата на вписване в системата Местоположение - отдел Цена в лева Инвентарен номер Систематично азбучна сигнатура Баркод Номер на екземпляра Цена в евро Служебна бележка Служебен тип на артикула
  Не е изгубен Universal Decimal Classification Не е повреден без рестрикции ползва се в читалня 341520 Регионална библиотека "Любен Каравелов" Русе Регионална библиотека "Любен Каравелов" Русе Хранилище 1990-01-01 Хранилище 0.00 545886 Цб 165555 120000545886 1 0.00 Вид: Сф Дата: 01.01.1990 Книги
Vip Innovations Ltd, Rousse, Bulgaria 2025